Normal view MARC view
  • PhD-Mechatronics Engineering

Entry Topical Term

Number of records used in: 7

001 - CONTROL NUMBER

  • control field: 124599

003 - CONTROL NUMBER IDENTIFIER

  • control field: NUST

005 - DATE AND TIME OF LATEST TRANSACTION

  • control field: 20240718153049.0

008 - FIXED-LENGTH DATA ELEMENTS

  • fixed length control field: 240718|| aca||aabn | a|a d

040 ## - CATALOGING SOURCE

  • Original cataloging agency: NUST
  • Transcribing agency: NUST

150 ## - HEADING--TOPICAL TERM

  • Topical term or geographic name entry element: PhD-Mechatronics Engineering

670 ## - SOURCE DATA FOUND

  • Source citation: Work cat.: (NUST)607856: Ghumman, Usman Shaukat 120725, Advanced Methodology for Tactical Level Decision Making In Autonomous Ground Vehicles/
© 2023 Central Library, National University of Sciences and Technology. All Rights Reserved.